| 000 | 00455nam a2200205Ia 4500 | ||
|---|---|---|---|
| 001 | 12780 | ||
| 003 | GE_BSU | ||
| 008 | 181216s||||||||xx |||||||||||||| ||und|| | ||
| 020 | _a0006473156 | ||
| 040 | _cGE_BSU | ||
| 080 | _a821.111-311.6 | ||
| 100 | _aStevens,Gordon. | ||
| 245 | _aPeace on Earth. | ||
| 260 | _aLondon. | ||
| 260 | _bHarper Collins Publishers. | ||
| 260 | _c1997 | ||
| 300 | _a509p;18cm. | ||
| 653 | _aPeace on Earth. | ||
| 942 | _cBK | ||
| 999 |
_c45951 _d45951 |
||